00528nai a2200157Ia 4500003000900000008004100009022002200050022002300072040001600095245003400111260003400145310001200179362002600191521006900217856008400286IN-BaIIA211028c9999 xx s 000 0 eng d a0160-564X (Print) a1525-1594 (Online) cIIA Library 0aArtificial Organsh[eJournal] aNew JerseybJohn Wiley & Sons aMonthly a21(1); 1997 - Present bSubscribed through National Knowledge Resource Consortium (NKRC) uhttps://onlinelibrary.wiley.com/journal/15251594yClick Here to Access eJournal